|
|
|
|
| LEADER |
00000nas a2200000 a 4500 |
| 001 |
ssj0000602460 |
| 003 |
WaSeSS |
| 005 |
20200512172242.0 |
| 006 |
m d |
| 007 |
cr n |
| 008 |
980410c19949999sp ar s o 0 0spa c |
| 010 |
|
|
|a sn 98032611
|
| 016 |
7 |
|
|a 2523906-5
|2 DE-600
|
| 016 |
7 |
|
|a 997941200
|2 DE-101
|
| 022 |
|
|
|l 1135-691X
|y 1135-691X
|
| 035 |
|
|
|a (WaSeSS)ssj0000602460
|
| 040 |
|
|
|a HUL
|b eng
|c HUL
|d NYP
|d SYS
|d HUL
|d OCLCQ
|d DEBBG
|d GWDNB
|d OCLCF
|d OCLCO
|d CGU
|d IUL
|d WaSeSS
|
| 042 |
|
|
|a pcc
|
| 043 |
|
|
|a e-sp---
|
| 245 |
0 |
0 |
|a Revista murciana de antropología
|h [electronic resource] /
|c órgano del Seminario de Estudios de Cultura Popular y Patrimonial de la Región de Murcia, organizado por las áreas de Antropología Social, Historia Antiqua y Filología Románica de la Universidad de Murcia y la Asociación para el Estudio y la Defensa del Patrimonio Artístico-Cultural de la Región de Murcia y la Asociación de Amigos de la Arqueología Regional Murciana.
|
| 260 |
|
|
|a Murcia :
|b Secretariado de Publicaciones e Intercambio Científico, Universidad de Murcia,
|c 1994-
|
| 310 |
|
|
|a Annual
|
| 362 |
0 |
|
|a No. 1 (1994)-
|
| 500 |
|
|
|a Some numbers issued as monographic issues with distinctive titles.
|
| 506 |
|
|
|a License restrictions may limit access.
|
| 650 |
|
0 |
|a Ethnology
|z Spain
|z Murcia (Region)
|v Periodicals.
|
| 650 |
|
0 |
|a Excavations (Archaeology)
|z Spain
|z Murcia (Region)
|v Periodicals.
|
| 650 |
|
7 |
|a Antiquities.
|2 fast
|0 (OCoLC)fst00810745
|
| 650 |
|
7 |
|a Ethnology.
|2 fast
|0 (OCoLC)fst00916106
|
| 650 |
|
7 |
|a Excavations (Archaeology)
|2 fast
|0 (OCoLC)fst00917564
|
| 650 |
|
7 |
|a Manners and customs.
|2 fast
|0 (OCoLC)fst01007815
|
| 651 |
|
0 |
|a Murcia (Spain : Region)
|x Social life and customs
|v Periodicals.
|
| 651 |
|
0 |
|a Murcia (Spain : Region)
|x Antiquities
|v Periodicals.
|
| 651 |
|
7 |
|a Spain
|z Murcia Region.
|2 fast
|0 (OCoLC)fst01331658
|
| 655 |
|
0 |
|a Electronic journals.
|
| 710 |
2 |
|
|a Seminario Permanente de Estudios de Cultura Popular y Patrimonial de la Región de Murcia.
|
| 710 |
2 |
|
|a Universidad de Murcia.
|
| 850 |
|
|
|a MH-P
|
| 853 |
3 |
3 |
|8 1
|a no.
|i (year)
|
| 856 |
4 |
0 |
|z Full text available from Research Library: 01/01/2012 to present
|u https://search.proquest.com/publication/2035795
|
| 856 |
4 |
0 |
|z Full text available from PRISMA Database with HAPI Index: 01/01/2012 to 01/31/2016
|u https://search.proquest.com/publication/2036002
|
| 863 |
4 |
1 |
|8 1
|a <1>
|i <1994>
|x provisional
|